| 000 | 00578nam a2200241 a 4500 | ||
|---|---|---|---|
| 001 | nice12345678 | ||
| 003 | IN_TiNIC | ||
| 005 | 20260116011554.0 | ||
| 008 | 050524s1906 lona grp 000 0 eng | ||
| 020 |
_a _c100 |
||
| 082 | 0 | 0 |
_a297.63 _bKID |
| 100 | _aKidwai, Shaikh M H | ||
| 245 | _aMiracles of Muhammad | ||
| 260 |
_aLondon _bLuzac and Company Ltd. _c1906 |
||
| 300 | _a59p | ||
| 500 | _aincludes index and biblioraphy | ||
| 505 | 2 | _aIndex | |
| 650 | _aMuhammad, Prophet | ||
| 700 | 1 | _aKidwai, Shaikh M H | |
| 902 | _bSRS | ||
| 942 | _cBK | ||
| 999 |
_c2678 _d2678 |
||